Koncepce účetnictví fúzí

Problémy účtovania fúzií. Fúzie ako jeden zo spôsobov spájania podnikov - tzv. podnikových kombinácií. Riešenia podľa medzinárodných účtovných štandardov - IAS - dve základné účtovné metódy: účtovná metóda kúpy - akvizície, účtovná metóda spojenia podielov. Riešenia podľa Európskej únie. Česká úprav...

Ausführliche Beschreibung

Gespeichert in:
Bibliographische Detailangaben
1. Verfasser: Vomáčková, Hana
Format: Buchkapitel
Sprache:Tschechisch
Schlagworte:
Tags: Tag hinzufügen
Keine Tags, Fügen Sie das erste Tag hinzu!

MARC

LEADER 00000naa a2200000 4500
001 r043552
005 20230913085753.7
041 0 |a cze 
044 |a CZ 
245 1 0 |a Koncepce účetnictví fúzí  |c Hana Vomáčková 
520 |a Problémy účtovania fúzií. Fúzie ako jeden zo spôsobov spájania podnikov - tzv. podnikových kombinácií. Riešenia podľa medzinárodných účtovných štandardov - IAS - dve základné účtovné metódy: účtovná metóda kúpy - akvizície, účtovná metóda spojenia podielov. Riešenia podľa Európskej únie. Česká úprava účtovného riešenia fúzie. 
610 2 0 |a účtovníctvo 
610 2 0 |a účtovníctvo medzinárodné 
610 2 0 |a kombinácie podnikové 
610 2 0 |a fúzie 
610 2 0 |a IAS 
610 2 0 |a metódy účtovné 
610 2 0 |a akvizícia 
610 2 0 |a podiely na zisku 
610 2 0 |a Európska únia 
610 2 0 |a Česko 
100 1 |a Vomáčková, Hana